00413nam a22001457a 450000500170000000800410001702000170005804100080007508200100008310000180009324500670011126000540017830000080023265000270024020160429095207.0160429b xxu||||| |||| 00| 0 eng d a918-752269-0 aeng b00740 aSalaria, R.S. aA Simplified Text-com Workbook on Application Programming in C aNew DelhibKhanna book publication co Ltd, c2002 a530 aInformation Technology